Minecraft: Cobblestone Crafting Recipes - Statistics

General Stats
  • This quiz has been taken 62 times
  • The average score is 16 of 21
Answer Stats
Hint Answer % Correct
1x Cobblestone + 1x Moss Block/Vines Mossy Cobblestone
94%
3x Cobblestone + 2x Stick Stone Axe
94%
1x Cobblestone + 2x Stick Stone Shovel
94%
2x Cobblestone + 2x Stick Stone Hoe
92%
3x Cobblestone + 2x Stick Stone Pickaxe
92%
2x Cobblestone + 1x Stick Stone Sword
92%
8x Cobblestone Furnace
88%
3x Cobblestone Cobblestone Slab
86%
7x Cobblestone + 1x Bow + 1x Redstone Dust Dispenser
84%
3x Cobblestone + 1x Blaze Rod Brewing Stand
82%
1x Cobblestone + 1x Stick Lever
80%
1x Cobblestone + 1x Diorite Andesite
75%
6x Cobblestone Cobblestone Wall
75%
7x Cobblestone + 1x Redstone Dust Dropper
75%
4x Cobblestone + 1x Iron Ingot + 3x Planks + 1x Redstone Dust Piston
75%
6x Cobblestone Cobblestone Stairs
71%
6x Cobblestone + 1x Nether Quartz + 2x Redstone Observer
71%
2x Cobblestone + 2x Nether Quartz Diorite
63%
1x Cobblestone + 7x Diamond + 1x Smithing Template Smithing Template ({Coast Armor Trim})
25%
1x Cobblestone + 7x Diamond + 1x Smithing Template Smithing Template ({Sentry Armor Trim})
25%
1x Cobblestone + 7x Diamond + 1x Smithing Template Smithing Template ({Vex Armor Trim})
25%
No matching quizzes found
Score Distribution
Percent of People with Each Score
Percentile by Number Answered
Your Score History
You have not taken this quiz